| 000 | 00561 a2200181 4500 | ||
|---|---|---|---|
| 001 | 132821 | ||
| 003 | OSt | ||
| 005 | 20220225122655.0 | ||
| 008 | |||
| 020 | _a9780393977868 | ||
| 082 |
_a822.33 _bS15M |
||
| 100 | 1 | _aShakespeare, William | |
| 245 | 1 |
_aMacbeth : authoritative text sources and contexts criticism _cby William Shakespeare |
|
| 260 |
_aNew York _bW.W. Norton _c2004 |
||
| 300 | _a384p. | ||
| 690 | _aMacbeth, King of Scotland, active 11th century;Macbeth (Shakespeare, William); Regicides | ||
| 942 |
_2ddc _cBK |
||
| 999 |
_c7166 _d7166 |
||